Govt. of
Madhya Pradesh

सामान्‍य अध्‍ययन प्रैक्टिस वर्क बुक (Record no. 52821)

MARC details
000 -LEADER
fixed length control field 00562nam a22001697a 4500
003 - CONTROL NUMBER IDENTIFIER
control field MACL
005 - DATE AND TIME OF LATEST TRANSACTION
control field 20160120150835.0
008 - FIXED-LENGTH DATA ELEMENTS--GENERAL INFORMATION
fixed length control field 160120b xxu||||| |||| 00| 0 eng d
040 ## - CATALOGING SOURCE
Transcribing agency MACL
041 ## - LANGUAGE CODE
Language code of text/sound track or separate title Hindi
082 ## - DEWEY DECIMAL CLASSIFICATION NUMBER
Classification number 001/SIN
100 ## - MAIN ENTRY--PERSONAL NAME
Personal name डॉ सरदार सिंह
9 (RLIN) 33683
245 ## - TITLE STATEMENT
Title सामान्‍य अध्‍ययन प्रैक्टिस वर्क बुक
260 ## - PUBLICATION, DISTRIBUTION, ETC. (IMPRINT)
Place of publication, distribution, etc. आगरा
Name of publisher, distributor, etc. साहित्‍य भवन पब्लिकेशन्‍स
Date of publication, distribution, etc. 2002
650 ## - SUBJECT ADDED ENTRY--TOPICAL TERM
Topical term or geographic name as entry element Generalities
9 (RLIN) 1354
942 ## - ADDED ENTRY ELEMENTS (KOHA)
Source of classification or shelving scheme
Koha item type Hindi Books
Holdings
Withdrawn status Lost status Source of classification or shelving scheme Damaged status Not for loan Home library Current library Date acquired Cost, normal purchase price Total Checkouts Full call number Barcode Date last seen Date last checked out Price effective from Koha item type
          MACL MACL 20/01/2016 125.00 4 001/SIN CLC000635 27/02/2018 03/01/2018 20/01/2016 Hindi Books